00386nam a2200121 4500008001700000020001500017082002200032100002400054245002000078260003800098300003300136650009500169759.966.9 D675r2 a3934545041 a759.966.9bD675r2 aDonald Odita, Odili aRoots II Spuren aAlemaniabVerlag Schuster Edition a72 p.bill (col)c21 x 15 cm xarte contemporáneoxarte - exhibicionesxPinturaxNigeriaxArte - mujeresxDonald, Odili